000 00681nam a2200253Ia 4500
003 OSt
005 20220924124145.0
006 a|||||r|||| 00| 0
007 ta
008 220923b |||||||| |||| 00| 0 mar d
024 _a43541
037 _cTextual
040 _aARTS
_cARTS
_bmar
041 _2mar
_amar
082 _aO155,6M50w, M2
100 _aPhadke Y D
_9103604
245 0 _aV K Chiploonkar
260 _aNew Delhi
_b National Book Trust
_c1982
300 _aviii,86p.
_ccm.
490 _aNational biography series , 1982
650 _aENGLISH LITERATURE
942 _hO155,6M50w, M2
_cTEXL
_2CC
999 _c418627
_d418627